000
00441nam a2200145Ia 4500
008
100204s9999 xx 000 0 und d
082
_b
20261
100
_a
मुंडे माणिक
245
_a
लढा कुणशी ?
260
_b
"दीपश्री प्रकाशन , पुणे"
_c
1997
300
_a
196
630
_a
लढा कुणशी ?
730
_a
लढा कुणशी ?
942
_c
BOOK
999
_c
464683
_d
464680